Normal view
MARC view
- Beidler, Philip D.
Entry Personal Name
001 - CONTROL NUMBER
- control field: 153781
003 - CONTROL NUMBER IDENTIFIER
- control field: DLC
005 - DATE AND TIME OF LATEST TRANSACTION
- control field: 20260417160054.0
008 - FIXED-LENGTH DATA ELEMENTS
- fixed length control field: 811028n| azannaabn |n aaa
010 ## - LIBRARY OF CONGRESS CONTROL NUMBER
- LC control number: n 81121876
035 ## - SYSTEM CONTROL NUMBER
- System control number: (OCoLC)oca00666828
040 ## - CATALOGING SOURCE
- Original cataloging agency: DLC
- Language of cataloging: eng
- Description conventions: rda
- Transcribing agency: DLC
- Modifying agency: DLC
- Modifying agency: AU
- Modifying agency: KyU
046 ## - SPECIAL CODED DATES
- Birth date: 1944-10-29
- Death date: 2022-04-20
- Source of date scheme: edtf
100 1# - HEADING--PERSONAL NAME
- Personal name: Beidler, Philip D.
370 ## - ASSOCIATED PLACE
- Place of birth: Armstrong County (Pa.)
- Associated country: United States
- Other associated place: Birmingham (Ala.)
- Source of term: naf
372 ## - FIELD OF ACTIVITY
- Field of activity: American literature
- Source of term: lcsh
373 ## - ASSOCIATED GROUP
- Associated group: University of Virginia
- Source of term: naf
- End period: 1974
373 ## - ASSOCIATED GROUP
- Associated group: University of Alabama
- Source of term: naf
- Start period: 1974
374 ## - OCCUPATION
- Occupation: College teachers
- Occupation: Authors
- Occupation: Editors
- Source of term: lcsh
377 ## - ASSOCIATED LANGUAGE
- Language code: eng
670 ## - SOURCE DATA FOUND
- Source citation: His American literature and the experience of Vietnam, 1982:
- Information found: CIP t.p. (Philip D. Beidler)
670 ## - SOURCE DATA FOUND
- Source citation: Writing race across the Atlantic world, 2004:
- Information found: CIP t.p. (Philip D. Beidler) data sheet (b. Oct. 29, 1944 in Adams, Pennsylvania)
670 ## - SOURCE DATA FOUND
- Source citation: First books: the printed word and cultural formation in early Alabama, 1999
- Information found: title page (Philip D. Beidler) page [186] (Professor of English at The University of Alabama, where he has taught American Literature since receiving his Ph.D. from the University of Virginia in 1974) back flap (editor of Many Voices, Many Rooms...)
670 ## - SOURCE DATA FOUND
- Source citation: Re-writing America: Vietnam authors and their generation, 1991
- Information found: title page (Philip D. Beidler) back flap (veteran of the war in Vietnam and a professor of English at the University of Alabama)
670 ## - SOURCE DATA FOUND
- Source citation: Wikipedia, viewed October 21, 2022:
- Information found: under "Philip Beidler" (Philip Douglas Beidler; died April 20, 2022



